000 00726nam a22002177a 4500
005 20180103162317.0
010 _aENG-121993 B-652626-656
020 _a9788121907415
_c375.00
035 _aB-652626-656
035 _aEN-105525
037 _aDPL
_bKKP
037 _bDBAD/PUB
082 _a000
100 _aAggarwal,R.S.
245 _aObjective Arithmatic ;
_bssc and railway exam special /
_cR.S.Aggarwal
260 _aNew Delhi
_bS.Chand
_c2015
270 _a7361 Ram Nagar
_bDelhi
300 _a635pg
_c24CM(pbk)
942 _2ddc
_cEN
_h000
_mAGG
999 _c137788
_d137788